Statistics for The Carpenter's Greatest Hits

Click here to take the quiz!

General Stats

  • This quiz has been taken 133 times
  • The average score is 6 of 15

Answer Stats

NumberSong% Correct
#11Close To You
83%
#9Top Of The World
73%
#8Rainy Days And Mondays
65%
#4We've Only Just Begun
62%
#1Yesterday Once More
60%
#7Superstar
59%
#14Only Yesterday
42%
#12For All We Know
32%
#3Solitaire
28%
#2I Need To Be In Love
26%
#5This Masquerade
14%
#15All You Get From Love
7%
#13Where Do I Go From Here
1%
#10I Just Fall In Love Again
0%
#6You're The One
0%

Score Distribution

Percentile by Number Answered

Percent of People with Each Score

Your Score History

You have not taken this quiz